| 000 | 02621nam0a2200433 4500 | ||
|---|---|---|---|
| 001 | RU\NLR\BIBL_A\012181332 | ||
| 005 | 20200205171156.0 | ||
| 010 |
_a978-5-4222-0397-0 _9110 |
||
| 021 |
_aRU _bКН-П-19-094666 _9КН-П-19-6937 |
||
| 035 | _a(NLR Aleph) 012181332 | ||
| 035 | _a(RuMoRGB)010195352 | ||
| 090 |
_a12280372 _c12280372 |
||
| 100 | _a20200117d2019 k y0rusy50 ca | ||
| 101 | 0 |
_arus _deng |
|
| 102 | _aRU | ||
| 105 | _a |||z|||000zy | ||
| 181 | 0 |
_ai _baxxe |
|
| 182 | 0 | _an | |
| 200 | 1 |
_aАктуальные проблемы психологии в образовании _eсборник научных статей _fМинистерство науки и высшего образования Российской Федерации, Мурманский арктический государственный университет _g[составители: И.А. Синкевич, канд. пед. наук, доц., Т.Д. Барышева, преподаватель _gнаучный редактор: А.В. Прялухина, д-р психол. наук, доц., проф.] |
|
| 203 |
_aТекст _bвизуальный _cнепосредственный |
||
| 210 |
_aМурманск _cМурманский арктический государственный университет _d2019 |
||
| 215 |
_a266 с. _cил., табл. _d21 |
||
| 300 | _aРез. англ. | ||
| 320 | _aБиблиогр. в конце ст. | ||
| 606 | 1 |
_aПедагогическая психология _jСборники _2nlr_sh1 _2nlr_sh2 _3RU\NLR\AUTH\6665004 |
|
| 606 | 1 |
_aОбразование _xПсихологические вопросы _jСборники _2nlr_sh1 _2nlr_sh2 _3RU\NLR\AUTH\661058410 |
|
| 686 | 1 | _aЮ984.0я43 | |
| 686 | 1 | _aЮ940я43 | |
| 686 | 1 |
_aЧ30в2 _bЮ9я43 |
|
| 702 | 1 |
_aСинкевич _bИ. А. _gИрина Алексеевна _4220 |
|
| 702 | 1 |
_aПрялухина _bА. В. _gАлла Вадимовна _4340 |
|
| 711 | 1 | 2 |
_a"Актуальные проблемы психологии в образовании", всероссийская научно-практическая конференция с международным участием _f2019 _eМурманск _3RU\NLR\AUTH\880515970 |
| 712 | 0 | 2 |
_aМурманский арктический государственный университет _3RU\NLR\AUTH\880427324 _4475 |
| 942 | _cBOOK | ||
| 980 | _aNBR | ||
| 980 | _aNB | ||